00411nam a2200097Ia 4500008004100000100002300041245015300064260006300217650001400280999001900294160725s9999 xx 000 0 und d aCaneo, Virginia O. aAssociation between teaching styles and selected variables: an explanation of outstanding teaching in higher education institutions in Metro Manila. bKaizen Research Journal College of EducationcJanuary 2014 aEDUCATION c298001d298001